000 00661nam a2200265Ia 4500
003 OSt
005 20220912153133.0
006 a|||||r|||| 00| 0
007 ta
008 220909b |||||||| |||| 00| 0 eng d
024 _a19173
037 _cTextual
040 _aCSL
_beng
_cCSL
041 _aeng
082 _aB, L4
100 _aCrowdis David G.
245 0 _aFinite Mathematics
260 _c1974
300 _ap.
_ccm.
650 _aMathematics
700 _a Shelley Susanne M.
700 _a Wheeler Brandon W.
942 _hB, L4
_cTEXL
_2CC
999 _c98735
_d98735